000 00446nam a2200181Ia 4500
001 1408
005 20260306143726.0
008 260306t2010||||xx |||||||||||||| ||spa||
041 _aESP
082 _a150
_bL45
100 _aLeón Donayre, Ramón
_eAUT
245 0 _aLa literatura psicológica del siglo XX:
_buna mirada
260 _c2010
300 _a713 páginas :
_c24 cm.
650 _aGEN
654 _aCPS
942 _cLIB
_dJUS
_fJUS
_2ddc
_n
999 _c1408
_d1408